July 24th: Birthdays - Statistics

General Stats
  • This quiz has been taken 4 times
  • The average score is 4 of 9
Answer Stats
Year Clue Answer % Correct
1802 Wrote The Three Musketeers Alexandre Dumas
75%
1897 1st woman to fly solo across the Atlantic Amelia Earhart
75%
1969 Actress in Selena Jennifer Lopez
75%
1826 President of Paraguay Francisco López
50%
1783 Military Leader Simón Bolívar
50%
1964 MLB Legend Barry Bonds
25%
1982 Actress in Mad Men Elisabeth Moss
25%
1821 Gang Leader Bill the Butcher
0%
1864 Playwright for the Lulu Plays Frank Wedekind
0%
No matching quizzes found
Score Distribution
Percent of People with Each Score
Percentile by Number Answered
Your Score History
You have not taken this quiz